| 000 | 01161nam a2200325 i 4500 | ||
|---|---|---|---|
| 001 | 000008903 | ||
| 003 | DO-SdBNP | ||
| 005 | 20250307073708.0 | ||
| 007 | ta | ||
| 008 | 090921s1936 ag r 001 e spa d | ||
| 040 |
_aDO-SdBNP _bspa _cBNPHU _erda |
||
| 041 | _hspa | ||
| 082 | 4 |
_aRD864.42 _bH519c |
|
| 100 | 1 |
_aHenríquez Ureña, Pedro, _d1884-1946 _eautor _4aut. _91718 |
|
| 245 | 1 | 3 |
_aLa cultura y las letras coloniales en Santo Domingo / _cPedro Henríquez Ureña. |
| 264 | 1 |
_aBuenos Aires : _bInstituto de Filología, _c1936. |
|
| 300 |
_a191 páginas ; _c23 cm. |
||
| 336 |
_atexto _btxt _2rdacontent |
||
| 337 |
_asin mediación _bn _2rdamedia |
||
| 338 |
_avolumen _bnc _2rdacarrier |
||
| 490 | 0 |
_aBiblioteca de Dialectología Hispanoamericana ; _v2 |
|
| 500 | _aIncluye índice onomástico. | ||
| 504 | _aBibliografía y notas al final de capítulos. | ||
| 590 | _aInventariado, 2020/BT | ||
| 650 | 0 |
_aEnsayos dominicanos _965 |
|
| 650 | 4 |
_aCultura _zRepública Dominicana _vEnsayos, conferencias, etc. _92200 |
|
| 650 | 4 |
_aLiteratura dominicana _xHistoria y crítica _9159 |
|
| 910 | _aValidado. Control de calidad EMS | ||
| 942 |
_2ddc _cLBS1 |
||
| 999 |
_c8672 _d8672 |
||